中國文學之美系列

資料類型: CD 光碟   書目號:39402

Leader xxxxxxxxxx
001 __ PCLIS00039402
005 __ 20220705133509.0
010 0_ |b一套:盒裝|d新臺幣9600元
100 __ |a20081003d2003    m  y0chiy09      e
101 0_ |achi
102 __ |atw
115 __ |aa560baisaba    buzc
200 1_ |a中國文學之美系列|f蔣勳著
205 __ |a家用版
210 __ |a高雄市|c耕心藝術欣賞工作室|d2003[民92]
215 0_ |a67片CD|c有聲,彩色|d3 3/4吋
300 __ |a由t038編目,不可盡信--t561註(2022/7/4)
300 __ |a附中國文學之美系列講座講義1冊(2016659)--t561
320 __ |a輔導級
327 _1 |v1,|a|v2,|a初民的歌聲|v3,|a楚辭|v4,|a南方的激情|v5-1,|a田陌間的民歌|v5-2,|a田陌間的民歌|v6-1,|a漢樂府|v6-2,|a漢樂府|v7,|a古詩十九首|v8,|a文人的憂思|v9,|a三曹父子|v10-1,|a霸權與愛情|v10-2,|a霸權與愛情|v10-3,|a霸權與愛情|v11,|a陶淵明|v12,|a桃花源的塑造者|v13,|a初唐盛事|v14-1,|a春江花月夜|v14-2,|a春江花月夜|v15,|a王維|v16,|a山水詩|v17,|a李白|v18-1,|a浪漫的貴遊文學|v18-2,|a浪漫的貴遊文學|v19,|a杜甫|v20,|a社會的關懷v21,|a李商隱|v22-1,|a晚唐的靡麗|v23,|a李煜|v24,|a五代詞的變革|v25-1,|a唐宋散文|e韓愈|v25-2,|a唐宋散文|e韓愈|v26,|a唐宋散文|e柳宗元|v27,|a白居易|v28,|a寫實詩與敘事詩|v29-1,|a馮延巳|v29-2,|a馮延巳、宋祈|v30-1,|a范仲淹、晏殊|v30-2,|a晏幾道、歐陽修|v31,|a蘇軾|v32,|a柳永|v33,|a南宋詞的美學|v334-1,|a周邦彥、秦觀|v34-2,|a周邦彥、秦觀|v35-1,|a李清照|v35-2,|a李清照|v36,|a辛棄疾|v36-2,|a姜白石|v37,|a元曲的戲劇性|v38-1,|a關漢卿|v39,|a水滸傳|v40-1,|a小說與歷史|v40-2,|a小說與歷史|v41,|a明代戲曲|v42-1,|a遊園驚夢|v42-2,|a遊園驚夢|v43,|a晚明文學|v44-1,|a徐渭、張岱|v44-2,|a徐魏、張岱|v45,|a紅樓夢|v46-1,|a紅樓夢|v46-2,|a紅樓夢|v47,|a晚清文學|v48-1,|a民國文學|v48-2,|a民國文學
517 _1 |a|zchi
517 _1 |a初民的歌聲|zchi
517 _1 |a楚辭|zchi
517 _1 |a南方的激情|zchi
517 _1 |a田陌間的民歌|zchi
517 _1 |a田陌間的民歌|zchi
517 _1 |a漢樂府|zchi
517 _1 |a漢樂府|zchi
517 _1 |a古詩十九首|zchi
517 _1 |a文人的憂思|zchi
517 _1 |a三曹父子|zchi
517 _1 |a霸權與愛情|zchi
517 _1 |a霸權與愛情|zchi
517 _1 |a霸權與愛情|zchi
517 _1 |a陶淵明|zchi
517 _1 |a桃花源的塑造者|zchi
517 _1 |a初唐盛事|zchi
517 _1 |a春江花月夜|zchi
517 _1 |a春江花月夜|zchi
517 _1 |a王維|zchi
517 _1 |a山水詩|zchi
517 _1 |a李白|zchi
517 _1 |a浪漫的貴遊文學|zchi
517 _1 |a浪漫的貴遊文學|zchi
517 _1 |a杜甫|zchi
517 _1 |a社會的關懷|zchi
517 _1 |a李商隱|zchi
517 _1 |a晚唐的靡麗|zchi
517 _1 |a晚唐的靡麗|zchi
517 _1 |a李煜|zchi
517 _1 |a五代詞的變革|zchi
517 _1 |a唐宋散文|e韓愈|zchi
517 _1 |a唐宋散文|e韓愈|zchi
517 _1 |a唐宋散文|e柳宗元|zchi
517 _1 |a白居易|zchi
517 _1 |a寫實詩與敘事詩|zchi
517 _1 |a馮延巳|zchi
517 _1 |a馮延巳、宋祈|zchi
517 _1 |a范中淹、晏殊|zchi
517 _1 |a晏幾道、歐陽修|zchi
517 _1 |a蘇軾|zchi
517 _1 |a柳永|zchi
517 _1 |a南宋詞的美學|zchi
517 _1 |a周邦彥、秦觀|zchi
517 _1 |a周邦彥、秦觀|zchi
517 _1 |a李清照|zchi
517 _1 |a李清照|zchi
517 _1 |a辛棄疾|zchi
517 _1 |a姜白石|zchi
517 _1 |a元曲的戲劇性|zchi
517 _1 |a關漢卿|zchi
517 _1 |a關漢卿|zchi
517 _1 |a水滸傳|zchi
517 _1 |a小說與歷史|zchi
517 _1 |a小說與歷史|zchi
517 _1 |a明代戲曲|zchi
517 _1 |a遊園驚夢|zchi
517 _1 |a遊園驚夢|zchi
517 _1 |a晚明文學|zchi
517 _1 |a徐渭、張岱|zchi
517 _1 |a徐渭、張岱|zchi
517 _1 |a紅樓夢|zchi
517 _1 |a紅樓夢|zchi
517 _1 |a晚清文學|zchi
517 _1 |a民國文學|zchi
517 _1 |a民國文學|zchi
606 __ |2csh|a中國文學|x論文,講詞等
681 __ |a820.7|b848
700 _1 |a|b|4801 _0 |atw|b內湖高中|c20081003|gCCR
  
詳細館藏 11-20 筆 (共 68 筆)
索 書 號登 錄 號冊次號館別 / 館藏地流通類型狀態加入預約清單電子資源
820.7 / 848 2016602  圖書館 / 一樓視聽區(請向館員洽借) 可外借30天 在館   
820.7 / 848 2016603  圖書館 / 一樓視聽區(請向館員洽借) 可外借30天 在館   
820.7 / 848 2016604  圖書館 / 一樓視聽區(請向館員洽借) 可外借30天 在館   
820.7 / 848 2016605  圖書館 / 一樓視聽區(請向館員洽借) 可外借30天 在館   
820.7 / 848 2016606  圖書館 / 一樓視聽區(請向館員洽借) 可外借30天 在館   
820.7 / 848 2016607  圖書館 / 一樓視聽區(請向館員洽借) 可外借30天 在館   
820.7 / 848 2016608  圖書館 / 一樓視聽區(請向館員洽借) 可外借30天 在館   
820.7 / 848 2016609  圖書館 / 一樓視聽區(請向館員洽借) 可外借30天 在館   
820.7 / 848 2016610  圖書館 / 一樓視聽區(請向館員洽借) 可外借30天 在館   
820.7 / 848 2016611  圖書館 / 一樓視聽區(請向館員洽借) 可外借30天 在館   

切換至館藏 第 1, 2, 3, 4, 5, 6, 7

| 條列資料




目錄查詢 分類查詢 個人資料 圖書薦購 新書查詢 閉館日 排行榜 更多電子資源 Hami書城 線上資料庫 登出

From : 216.73.217.117

  本日流通累計至 23:45:34 借閱 : 0 次 續借 : 0 次 歸還 : 0 次 預約 : 0 次 電子資源 : 0 次


內湖高中圖書館  PCLIS 版本  25.5.0.2